[Event "Winnipeg TNT 2019.02"]
[Site "Winnipeg CAN"]
[Date "2019.02.12"]
[Round "2.8"]
[White "Furda, Ievgeniia-Diana"]
[Black "Gregoryanz, Philipp"]
[Result "1-0"]
[WhiteElo "1524"]
[BlackElo "1577"]
[PlyCount "79"]
[EventDate "2019.02.05"]
[EventType "swiss"]
[EventRounds "4"]
[EventCountry "CAN"]

1. e4 e5 2. Nf3 Nc6 3. d4 exd4 4. Nxd4 Nxd4 5. Qxd4 d6 6. Nc3 Nf6 7. Bg5 Be7 8.
Be2 O-O 9. O-O-O c5 10. Qd2 b5 11. Bxb5 Bb7 12. f3 a6 13. Bc4 h6 14. Be3 Re8
15. g4 Nd7 16. Kb1 Ne5 17. Be2 Bf6 18. Qxd6 Qa5 19. Qxc5 Qxc5 20. Bxc5 Ng6 21.
Bd4 Bg5 22. Bc4 Nf4 23. Be3 Nh3 24. Bd4 Bf6 25. Rhf1 Bxd4 26. Rxd4 Nf4 27. Nd5
Nxd5 28. Bxd5 Rad8 29. Rfd1 Bxd5 30. Rxd5 Rb8 31. Ra5 Re6 32. Rd3 Rf6 33. Raa3
Kh7 34. Rab3 Ra8 35. Rd4 Re6 36. Rdb4 a5 37. Rb6 a4 38. R3b5 Re7 39. a3 Rd8 40.
Rd5 1-0

[Event "Winnipeg TNT 2019.02"]
[Site "Winnipeg CAN"]
[Date "2019.02.12"]
[Round "2.9"]
[White "Crawford, Gary"]
[Black "Gannon, Keith"]
[Result "1-0"]
[WhiteElo "1561"]
[BlackElo "1499"]
[PlyCount "109"]
[EventDate "2019.02.05"]
[EventType "swiss"]
[EventRounds "4"]
[EventCountry "CAN"]

1. e4 g6 2. d4 Bg7 3. Nf3 b6 4. Nc3 Bb7 5. Bc4 e6 6. O-O Ne7 7. Bg5 O-O 8. Qd2
Ba6 9. Bxa6 Nxa6 10. Bh6 f5 11. Bxg7 Kxg7 12. exf5 Rxf5 13. Ne4 Nd5 14. Ng3 Rf8
15. c4 Nf6 16. b4 c6 17. a4 Nc7 18. Rfe1 a5 19. Ne4 Nxe4 20. Rxe4 axb4 21. Qxb4
Na6 22. Qd2 Qf6 23. Ne5 Rad8 24. Rb1 Qf5 25. Ree1 b5 26. axb5 cxb5 27. cxb5 Nb8
28. Rb3 Qf4 29. Qb2 Qf6 30. Rf3 Qe7 31. Rxf8 Rxf8 32. d5 Kg8 33. dxe6 Qxe6 34.
Nf3 Qf7 35. Rb1 d5 36. Nd4 Rc8 37. Rc1 Rxc1+ 38. Qxc1 Qb7 39. Qc5 Qd7 40. Kf1
Kg7 41. b6 Na6 42. Qc6 Qxc6 43. Nxc6 Kf6 44. b7 Ke6 45. b8=Q Nxb8 46. Nxb8 d4
47. Ke2 Kd5 48. Kd3 h5 49. Nd7 Ke6 50. Nc5+ Kd5 51. Nb3 g5 52. Nxd4 g4 53. Ke3
h4 54. Nf5 g3 55. hxg3 1-0

[Event "Winnipeg TNT 2019.02"]
[Site "Winnipeg CAN"]
[Date "2019.02.12"]
[Round "2.10"]
[White "Piche, Zachary"]
[Black "Ford, Stephen"]
[Result "1-0"]
[WhiteElo "1479"]
[BlackElo "1543"]
[PlyCount "95"]
[EventDate "2019.02.05"]
[EventType "swiss"]
[EventRounds "4"]
[EventCountry "CAN"]

1. Nf3 Nc6 2. c4 e6 3. d4 Nf6 4. g3 Bb4+ 5. Nc3 Ne4 6. Qd3 Nxc3 7. bxc3 Be7 8.
Bg2 O-O 9. Bf4 d6 10. O-O Bf6 11. Rab1 Rb8 12. e4 e5 13. Be3 exd4 14. cxd4 Re8
15. d5 Ne5 16. Nxe5 Bxe5 17. Bxa7 Ra8 18. Bd4 Rxa2 19. Bxe5 dxe5 20. Qb3 Ra7
21. Ra1 Rxa1 22. Rxa1 b6 23. f4 exf4 24. gxf4 Qf6 25. Rf1 Qd4+ 26. Kh1 f5 27.
e5 Bb7 28. c5 Qxc5 29. d6+ Kf8 30. Bxb7 cxd6 31. exd6 Qxd6 32. Qc2 g6 33. Bg2
Qf6 34. Qc7 Re7 35. Qd8+ Kg7 36. Qd2 Ra7 37. Rd1 h6 38. Qc2 g5 39. fxg5 hxg5
40. Rf1 Ra5 41. Qc7+ Kg6 42. Be4 Rc5 43. Qg3 Rc3 44. Bxf5+ Kh6 45. Qg4 Rc5 46.
Qh3+ Kg7 47. Qh7+ Kf8 48. Bd3 1-0

[Event "Winnipeg TNT 2019.02"]
[Site "Winnipeg CAN"]
[Date "2019.02.19"]
[Round "3.1"]
[White "Bince, Rolando"]
[Black "Abioye, Yemi"]
[Result "1/2-1/2"]
[WhiteElo "1858"]
[BlackElo "2032"]
[PlyCount "50"]
[EventDate "2019.02.05"]
[EventType "swiss"]
[EventRounds "4"]
[EventCountry "CAN"]

1. d4 c6 2. c4 d5 3. Nc3 Nf6 4. Bg5 e6 5. e3 Bb4 6. Bxf6 gxf6 7. Qc2 f5 8. Nf3
Nd7 9. cxd5 cxd5 10. Bb5 a6 11. Bxd7+ Bxd7 12. O-O Rc8 13. a3 Bxc3 14. bxc3 Qa5
15. Rac1 Bb5 16. a4 Bc4 17. Ne5 f6 18. Nxc4 Rxc4 19. Qb3 b6 20. Rb1 Kd7 21.
Qxb6 Qxb6 22. Rxb6 Rxa4 23. Rb7+ Kd6 24. Rb6+ Kd7 25. Rb7+ Kd6 1/2-1/2

[Event "Winnipeg TNT 2019.02"]
[Site "Winnipeg CAN"]
[Date "2019.02.19"]
[Round "3.2"]
[White "Skop, Mike"]
[Black "Orogun, Ibukun"]
[Result "1-0"]
[WhiteElo "1666"]
[BlackElo "1944"]
[PlyCount "107"]
[EventDate "2019.02.05"]
[EventType "swiss"]
[EventRounds "4"]
[EventCountry "CAN"]

1. Nh3 Nf6 2. f3 h6 3. Nf2 e6 4. d4 d5 5. c3 c5 6. e3 Nc6 7. Be2 Bd6 8. e4 cxd4
9. cxd4 Qb6 10. e5 Bb4+ 11. Nc3 Nh7 12. Be3 Bd7 13. O-O Nxe5 14. Na4 Bxa4 15.
Qxa4+ Nc6 16. Bb5 Bd6 17. Rac1 Rc8 18. Bxc6+ Rxc6 19. Rxc6 bxc6 20. Rc1 Kd7 21.
Nd3 Rc8 22. Rc3 Ng5 23. Rb3 Qc7 24. Bd2 Bxh2+ 25. Kf1 Ke7 26. Nc5 Kf8 27. Rb7
Qg3 28. Bxg5 Qxg5 29. Qxa7 Qc1+ 30. Ke2 Qc2+ 31. Ke3 Bg1+ 32. Kf4 Qf5+ 33. Kg3
Bxd4 34. Nd7+ Kg8 35. Qxd4 c5 36. Nxc5 Qg5+ 37. Kf2 Qf5 38. b4 Qc2+ 39. Kg1
Qb1+ 40. Kh2 Qf5 41. a4 e5 42. Qg4 Qxg4 43. fxg4 Rd8 44. a5 d4 45. a6 Kh7 46.
a7 Ra8 47. Kg1 Kg6 48. Kf1 f5 49. gxf5+ Kxf5 50. Nd7 Ke4 51. Ke1 Rc8 52. Nc5+
Ke3 53. Rb8 Rc6 54. a8=Q 1-0

[Event "Winnipeg TNT 2019.02"]
[Site "Winnipeg CAN"]
[Date "2019.02.19"]
[Round "3.3"]
[White "Rutter, Blair"]
[Black "Melnyk, Jim"]
[Result "1-0"]
[WhiteElo "1920"]
[BlackElo "1640"]
[PlyCount "95"]
[EventDate "2019.02.05"]
[EventType "swiss"]
[EventRounds "4"]
[EventCountry "CAN"]

1. c4 b6 2. Nc3 Bb7 3. e4 e6 4. d4 Bb4 5. Bd3 Ne7 6. Nf3 O-O 7. O-O d5 8. cxd5
exd5 9. e5 Ba6 10. Bxh7+ Kxh7 11. Ng5+ Kg8 12. Qh5 Bd3 13. f4 Bg6 14. Qh3 Nf5
15. Rd1 Be7 16. g4 Bxg5 17. gxf5 Bxf5 18. Qxf5 Bh6 19. Be3 Nc6 20. Rf1 Ne7 21.
Qh3 Qc8 22. Qf3 c6 23. Kh1 Nf5 24. Bf2 Qe6 25. Rg1 Rfd8 26. Ne2 Rac8 27. Rac1
Rc7 28. b4 Rdc8 29. Rc2 Kf8 30. Rgc1 f6 31. Rf1 Rf7 32. Bg3 Ke8 33. Qd3 Kd7 34.
a4 Ke8 35. Ng1 Kf8 36. Re2 g5 37. exf6 Qxf6 38. Ref2 Qxd4 39. Qxd4 Nxd4 40.
fxg5 Bxg5 41. Rxf7+ Kg8 42. Be5 Ne6 43. Rxa7 c5 44. bxc5 bxc5 45. Ra6 Nf8 46.
Rf3 Kh7 47. Rf7+ Kg8 48. Rg7+ 1-0

[Event "Winnipeg TNT 2019.02"]
[Site "Winnipeg CAN"]
[Date "2019.02.19"]
[Round "3.4"]
[White "Crawford, Gary"]
[Black "Proulx, Roy"]
[Result "0-1"]
[WhiteElo "1561"]
[BlackElo "1907"]
[PlyCount "60"]
[EventDate "2019.02.05"]
[EventType "swiss"]
[EventRounds "4"]
[EventCountry "CAN"]

1. Nf3 d5 2. d4 Nf6 3. e3 Bf5 4. Nbd2 e6 5. Be2 Bd6 6. O-O O-O 7. b3 Nbd7 8.
Bb2 Rc8 9. Re1 c6 10. c4 Ne4 11. Nxe4 Bxe4 12. Nd2 Bg6 13. Bf3 f5 14. g3 Nf6
15. Bg2 Bb8 16. f3 h5 17. e4 fxe4 18. fxe4 Ng4 19. e5 Nf2 20. Qe2 h4 21. Rf1
Bd3 22. Qh5 Bxf1 23. Rxf1 hxg3 24. hxg3 Rf5 25. Qg6 Qf8 26. Qxe6+ Kh8 27. g4
Rf4 28. Bf3 Nh3+ 29. Kg2 Rxf3 30. Nxf3 Nf4+ 0-1

[Event "Winnipeg TNT 2019.02"]
[Site "Winnipeg CAN"]
[Date "2019.02.19"]
[Round "3.5"]
[White "Prince, Colin"]
[Black "Leaden, Bruce"]
[Result "1-0"]
[WhiteElo "1893"]
[BlackElo "1492"]
[PlyCount "43"]
[EventDate "2019.02.05"]
[EventType "swiss"]
[EventRounds "4"]
[EventCountry "CAN"]

1. e4 e6 2. d4 d5 3. e5 c5 4. c3 Nc6 5. Nf3 Qb6 6. Bd3 Bd7 7. O-O cxd4 8. cxd4
Nxd4 9. Nxd4 Qxd4 10. Nc3 Qxe5 11. Re1 Qd4 12. Be3 Qb4 13. Nxd5 Qxe1+ 14. Qxe1
exd5 15. Bc5+ Be7 16. Qe2 Kd8 17. Qe3 Rc8 18. Bxa7 Bd6 19. Qg5+ Nf6 20. Qxg7
Ke7 21. Bd4 Ng4 22. Re1+ 1-0

[Event "Winnipeg TNT 2019.02"]
[Site "Winnipeg CAN"]
[Date "2019.02.19"]
[Round "3.6"]
[White "Le Dorze, Phil"]
[Black "Furda, Ievgeniia-Diana"]
[Result "1/2-1/2"]
[WhiteElo "1829"]
[BlackElo "1524"]
[PlyCount "66"]
[EventDate "2019.02.05"]
[EventType "swiss"]
[EventRounds "4"]
[EventCountry "CAN"]

1. d4 Nf6 2. c4 g6 3. Nc3 Bg7 4. Nf3 O-O 5. e4 d6 6. Be3 Nbd7 7. Be2 e5 8. Qd2
Re8 9. d5 Nb6 10. c5 Nbd7 11. cxd6 cxd6 12. O-O Nb6 13. Rac1 Ng4 14. Bg5 Bf6
15. Nb5 Bxg5 16. Nxg5 Rf8 17. Rc7 a6 18. Rxc8 Rxc8 19. Bxg4 axb5 20. Bxc8 Qxc8
21. Rc1 Qd7 22. b3 Rc8 23. h4 Rxc1+ 24. Qxc1 Qc8 25. Qd1 Qd8 26. Qe2 Qd7 27. h5
Qc7 28. Kh2 Qd7 29. Qf3 Qe7 30. Qg4 Nd7 31. hxg6 hxg6 32. g3 Nf6 33. Qh4 Kg7
1/2-1/2

[Event "Winnipeg TNT 2019.02"]
[Site "Winnipeg CAN"]
[Date "2019.02.19"]
[Round "3.8"]
[White "Letain, Cory"]
[Black "Piche, Zachary"]
[Result "1-0"]
[WhiteElo "1680"]
[BlackElo "1479"]
[PlyCount "109"]
[EventDate "2019.02.05"]
[EventType "swiss"]
[EventRounds "4"]
[EventCountry "CAN"]

1. e4 c5 2. Nf3 d6 3. d4 cxd4 4. Nxd4 Nf6 5. Nc3 a6 6. f3 e5 7. Nb3 Be6 8. Be3
Be7 9. Qd2 Nbd7 10. O-O-O b5 11. g4 Nb6 12. g5 Nfd7 13. h4 Nc4 14. Bxc4 bxc4
15. Na1 Rb8 16. Nd5 Bxd5 17. Qxd5 Nb6 18. Qc6+ Qd7 19. Qxd7+ Kxd7 20. b3 Rhc8
21. Bxb6 Rxb6 22. Rd5 f6 23. gxf6 Bxf6 24. Kb2 Bd8 25. Rg1 g6 26. h5 g5 27. c3
cxb3 28. axb3 Rbc6 29. Rgd1 Ke6 30. R1d3 a5 31. Nc2 a4 32. b4 h6 33. Na3 Rb8
34. b5 Ba5 35. Kc2 Rcb6 36. Nc4 Rxb5 37. Rxd6+ Ke7 38. Rxh6 a3 39. Rh7+ Kf8 40.
Rh8+ Kg7 41. Rxb8 Rxb8 42. Nxa5 a2 43. Rd1 Rb5 44. Nb3 Kh6 45. Kb2 Kxh5 46.
Kxa2 g4 47. fxg4+ Kxg4 48. Rf1 Rb6 49. Rf5 Rc6 50. Kb2 Rc4 51. Rxe5 Kf4 52.
Rf5+ Ke3 53. e5 Kd3 54. e6 Rxc3 55. Rf3+ 1-0

[Event "Winnipeg TNT 2019.02"]
[Site "Winnipeg CAN"]
[Date "2019.02.19"]
[Round "3.10"]
[White "Myrzaibraimova, Alia"]
[Black "Gregoryanz, Philipp"]
[Result "1/2-1/2"]
[WhiteElo "1171"]
[BlackElo "1577"]
[PlyCount "120"]
[EventDate "2019.02.05"]
[EventType "swiss"]
[EventRounds "4"]
[EventCountry "CAN"]

1. e4 e5 2. Nf3 Nc6 3. Nc3 Nf6 4. Bc4 Bc5 5. O-O d6 6. d3 Bg4 7. Bg5 h6 8. Bh4
g5 9. Bg3 Qd7 10. h3 Bxh3 11. Bb5 Bg4 12. Nd5 Nxd5 13. exd5 O-O-O 14. dxc6 bxc6
15. Ba6+ Kb8 16. a3 f5 17. Qe2 Bb6 18. b4 e4 19. dxe4 fxe4 20. Qxe4 d5 21. Qd3
Bxf3 22. Qxf3 h5 23. Be5 Rhe8 24. Bf6 Rf8 25. Qc3 Rde8 26. Bd4 h4 27. Bxb6 cxb6
28. Rfe1 g4 29. Rxe8+ Rxe8 30. Re1 Rg8 31. Qe5+ Ka8 32. Qe6 Qxe6 33. Rxe6 c5
34. bxc5 bxc5 35. Rc6 c4 36. Rc8+ Rxc8 37. Bxc8 g3 38. fxg3 hxg3 39. Be6 Kb8
40. Bxd5 c3 41. Kf1 Kc7 42. Ke2 Kd6 43. Bg8 Kc5 44. Kd3 a5 45. Kxc3 a4 46. Bf7
Kb5 47. Be8+ Ka5 48. Bxa4 Kxa4 49. Kc4 Kxa3 50. c3 Kb2 51. Kb4 Kc2 52. c4 Kd2
53. c5 Ke2 54. c6 Kf2 55. c7 Kxg2 56. c8=Q Kh2 57. Qc1 g2 58. Qh6+ Kg3 59. Qg6+
Kf2 60. Qxg2+ Kxg2 1/2-1/2

[Event "Winnipeg TNT 2019.02"]
[Site "Winnipeg CAN"]
[Date "2019.02.19"]
[Round "3.11"]
[White "Ford, Stephen"]
[Black "Gannon, Keith"]
[Result "0-1"]
[WhiteElo "1543"]
[BlackElo "1499"]
[PlyCount "94"]
[EventDate "2019.02.05"]
[EventType "swiss"]
[EventRounds "4"]
[EventCountry "CAN"]

1. e4 c5 2. f4 Nc6 3. Nf3 d6 4. d4 cxd4 5. Nxd4 Nxd4 6. Qxd4 Bd7 7. Bc4 e6 8.
O-O Qf6 9. Qxf6 Nxf6 10. Nc3 Bc6 11. Re1 Be7 12. Be3 Nxe4 13. Nxe4 Bxe4 14. Bd3
Bxd3 15. cxd3 O-O 16. Bd4 a6 17. Rac1 Rac8 18. Be3 d5 19. Rxc8 Rxc8 20. Rc1
Rxc1+ 21. Bxc1 Bc5+ 22. Kf1 Kf8 23. Ke2 Bd4 24. b3 f6 25. a4 e5 26. Kf3 Kf7 27.
Bd2 Ke6 28. g4 exf4 29. Bxf4 Be5 30. h4 b5 31. Bd2 bxa4 32. bxa4 h6 33. Be3 f5
34. g5 hxg5 35. hxg5 g6 36. Ke2 f4 37. d4 fxe3 38. dxe5 Kxe5 39. Kxe3 d4+ 40.
Kd3 Kf4 41. Kxd4 Kxg5 42. Ke3 Kg4 43. Kf2 Kh3 44. Kg1 g5 45. Kh1 g4 46. Kg1 g3
47. a5 g2 0-1

[Event "Winnipeg TNT 2019.02"]
[Site "Winnipeg CAN"]
[Date "2019.02.26"]
[Round "4.1"]
[White "Abioye, Yemi"]
[Black "Rutter, Blair"]
[Result "1-0"]
[WhiteElo "2032"]
[BlackElo "1920"]
[PlyCount "85"]
[EventDate "2019.02.05"]
[EventType "swiss"]
[EventRounds "4"]
[EventCountry "CAN"]

1. e4 e6 2. d4 d5 3. exd5 exd5 4. h3 Nf6 5. Nf3 Bd6 6. Bd3 O-O 7. O-O Ne4 8. c3
Nd7 9. Qc2 f5 10. Nbd2 Ndf6 11. Ne5 Bxe5 12. dxe5 Nd7 13. f3 Nxd2 14. Qxd2 Nxe5
15. Bc2 c6 16. Re1 Qf6 17. b3 Bd7 18. Bb2 Ng6 19. Bd3 Qd6 20. c4 d4 21. c5 Qg3
22. Bc4+ Kh8 23. Qxd4 Nf4 24. Qxg7+ Qxg7 25. Bxg7+ Kxg7 26. Re7+ Kf6 27. Rxd7
Rad8 28. Rad1 Nd5 29. Rxb7 Rf7 30. Rxf7+ Kxf7 31. Kf2 Kf6 32. Bxd5 cxd5 33. Ke3
Ke5 34. f4+ Ke6 35. Kd4 Rb8 36. Re1+ Kf6 37. Kxd5 Rd8+ 38. Kc4 Rd2 39. g3 Rxa2
40. Re3 h5 41. h4 a5 42. c6 Rb2 43. c7 1-0

[Event "Winnipeg TNT 2019.02"]
[Site "Winnipeg CAN"]
[Date "2019.02.26"]
[Round "4.2"]
[White "Bince, Rolando"]
[Black "Skop, Mike"]
[Result "1-0"]
[WhiteElo "1907"]
[BlackElo "1666"]
[PlyCount "69"]
[EventDate "2019.02.05"]
[EventType "swiss"]
[EventRounds "4"]
[EventCountry "CAN"]

1. d4 g6 2. e4 Nh6 3. Bc4 c6 4. Nc3 Na6 5. Nf3 Nc7 6. Bg5 d5 7. exd5 cxd5 8.
Be2 f6 9. Bf4 Ne6 10. Be3 Nf5 11. O-O Nxe3 12. fxe3 Bh6 13. Bb5+ Bd7 14. Qe2
Nc7 15. Bd3 O-O 16. e4 e6 17. a4 a6 18. Kh1 Rb8 19. b4 b5 20. axb5 Bxb5 21.
Nxb5 axb5 22. Ra5 Qd7 23. Rfa1 Rb7 24. g3 Rfb8 25. Kg2 Bf8 26. c3 Qc6 27. R1a3
dxe4 28. Bxe4 Nd5 29. Ra6 Rb6 30. Ra7 Qc8 31. Qd2 Rc6 32. Bxd5 exd5 33. Qf4 g5
34. Nxg5 fxg5 35. Qf7+ 1-0

[Event "Winnipeg TNT 2019.02"]
[Site "Winnipeg CAN"]
[Date "2019.02.26"]
[Round "4.3"]
[White "Czarny, Keith"]
[Black "Prince, Colin"]
[Result "0-1"]
[WhiteElo "1691"]
[BlackElo "1893"]
[PlyCount "78"]
[EventDate "2019.02.05"]
[EventType "swiss"]
[EventRounds "4"]
[EventCountry "CAN"]

1. d4 Nf6 2. c4 e5 3. dxe5 Ng4 4. Nf3 Nc6 5. a3 Ngxe5 6. Nxe5 Nxe5 7. Qc2 Be7
8. Nc3 Nxc4 9. Nd5 b5 10. b3 Bf6 11. Nxf6+ Qxf6 12. Rb1 Nd6 13. Qxc7 Bb7 14.
Bb2 Qg6 15. Rd1 Ke7 16. Be5 Ne4 17. Qxd7+ Kf8 18. Qxb7 Re8 19. Bg3 Nc3 20. Rc1
Na2 21. Ra1 Qc2 22. Qc7 Nc3 23. e3 Qb2 24. Rd1 Nxd1 25. Kxd1 Qb1+ 26. Kd2 Qxb3
27. Qc6 Rd8+ 28. Bd6+ Kg8 29. Bd3 Qb2+ 30. Bc2 Qxa3 31. Bd3 Qxd6 32. Qxd6 Rxd6
33. Rc1 g6 34. Ke2 a6 35. Be4 Kg7 36. Rc7 Rhd8 37. Ra7 R8d7 38. Ra8 f5 39. Bb1
Rd1 0-1

[Event "Winnipeg TNT 2019.02"]
[Site "Winnipeg CAN"]
[Date "2019.02.26"]
[Round "4.4"]
[White "Orogun, Ibukun"]
[Black "Letain, Cory"]
[Result "1/2-1/2"]
[WhiteElo "1944"]
[BlackElo "1680"]
[PlyCount "60"]
[EventDate "2019.02.05"]
[EventType "swiss"]
[EventRounds "4"]
[EventCountry "CAN"]

1. e4 e5 2. Nf3 Nf6 3. Nc3 Bb4 4. d3 d5 5. exd5 Nxd5 6. Bd2 Nc6 7. Ne4 f5 8.
Ng3 Be6 9. c3 Be7 10. Be2 h6 11. Nh5 Bf6 12. h3 g6 13. Ng3 Qd7 14. Qa4 O-O-O
15. Nh2 Nb6 16. Qc2 Nd5 17. a3 Nf4 18. Bxf4 exf4 19. Ngf1 Bd5 20. Rg1 Rhe8 21.
O-O-O Bb3 22. Qxb3 Rxe2 23. Nf3 g5 24. d4 g4 25. N3d2 Rxf2 26. Qc4 Qd5 27. Qxd5
Rxd5 28. Re1 Bh4 29. Re6 Rd6 30. Re8+ Rd8 1/2-1/2

[Event "Winnipeg TNT 2019.02"]
[Site "Winnipeg CAN"]
[Date "2019.02.26"]
[Round "4.5"]
[White "Furda, Ievgeniia-Diana"]
[Black "Melnyk, Jim"]
[Result "0-1"]
[WhiteElo "1524"]
[BlackElo "1640"]
[PlyCount "144"]
[EventDate "2019.02.05"]
[EventType "swiss"]
[EventRounds "4"]
[EventCountry "CAN"]

1. e4 Nc6 2. d4 e5 3. Nf3 exd4 4. Nxd4 Nf6 5. Nc3 Ne5 6. Bg5 h6 7. Bf4 Ng6 8.
Bd2 a6 9. Bd3 Bc5 10. Nf3 d6 11. h3 Bd7 12. Qe2 O-O 13. O-O-O Re8 14. g4 Ne5
15. Nxe5 Rxe5 16. f4 Re7 17. g5 hxg5 18. fxg5 Nh7 19. h4 Bc6 20. Qg4 Qd7 21.
Qg3 Qe6 22. h5 Bd4 23. Rde1 Be5 24. Qh4 Kf8 25. Rhf1 Ke8 26. b3 b5 27. Nd5 Bxd5
28. exd5 Qxd5 29. Be4 Qd4 30. c3 Qa7 31. Bxa8 Qxa8 32. g6 Nf6 33. gxf7+ Rxf7
34. h6 gxh6 35. Qxh6 Qd5 36. Qh1 Qc5 37. Kc2 Kd7 38. Qh3+ Kd8 39. Qe3 Qc6 40.
Qd3 Kc8 41. Bg5 Qg2+ 42. Qd2 Qxd2+ 43. Bxd2 Rd7 44. Bf4 Bxf4 45. Rxf4 Nd5 46.
Rf8+ Kb7 47. Rf5 Nb6 48. Rf2 Nd5 49. Rfe2 Rf7 50. Rd1 Kc6 51. Kb2 Rf3 52. Red2
Nxc3 53. Rc2 b4 54. Rd4 Kb5 55. Rc4 c5 56. a3 a5 57. a4+ Kc6 58. R4xc3 bxc3+
59. Rxc3 Rxc3 60. Kxc3 Kd5 61. Kd3 Kc6 62. Kc2 d5 63. Kd3 Kd6 64. Kd2 Ke5 65.
Kc3 Ke4 66. Kd2 Kd4 67. Kc2 Ke3 68. Kc3 d4+ 69. Kc2 Ke2 70. Kc1 d3 71. Kb2 d2
72. Kc3 d1=Q 0-1

[Event "Winnipeg TNT 2019.02"]
[Site "Winnipeg CAN"]
[Date "2019.02.26"]
[Round "4.6"]
[White "Myrzaibraimova, Aibike"]
[Black "Crawford, Gary"]
[Result "1/2-1/2"]
[WhiteElo "1474"]
[BlackElo "1561"]
[PlyCount "95"]
[EventDate "2019.02.05"]
[EventType "swiss"]
[EventRounds "4"]
[EventCountry "CAN"]

1. e4 c5 2. Nf3 g6 3. d4 cxd4 4. Nxd4 Nc6 5. Be3 Nf6 6. Nc3 Bg7 7. Bc4 O-O 8.
O-O Nxe4 9. Nxe4 d5 10. Nxc6 bxc6 11. Nd2 dxc4 12. Nxc4 Be6 13. Qe2 Bxc4 14.
Qxc4 Bxb2 15. Rab1 Be5 16. Qxc6 Qc8 17. Qxc8 Rfxc8 18. Rfc1 Bd6 19. Rb3 a5 20.
c4 Bc5 21. Bxc5 Rxc5 22. Rb5 Rac8 23. Rxc5 Rxc5 24. a3 Kg7 25. f4 Kf6 26. Kf2
e5 27. fxe5+ Kxe5 28. Ke3 f5 29. g3 g5 30. Rc2 f4+ 31. gxf4+ gxf4+ 32. Kf3 Kd4
33. Kxf4 Rxc4 34. Rxc4+ Kxc4 35. Ke4 Kb3 36. Kd3 Kxa3 37. Kc3 h6 38. h3 h5 39.
h4 Ka2 40. Kc2 a4 41. Kc3 Kb1 42. Kb4 Kc2 43. Kxa4 Kd3 44. Kb3 Ke3 45. Kc3 Kf3
46. Kd3 Kg3 47. Ke3 Kxh4 48. Kf4 1/2-1/2

[Event "Winnipeg TNT 2019.02"]
[Site "Winnipeg CAN"]
[Date "2019.02.26"]
[Round "4.7"]
[White "Gannon, Keith"]
[Black "Ott, Richard"]
[Result "0-1"]
[WhiteElo "1499"]
[BlackElo "1483"]
[PlyCount "138"]
[EventDate "2019.02.05"]
[EventType "swiss"]
[EventRounds "4"]
[EventCountry "CAN"]

1. c4 e5 2. d3 Nf6 3. Nc3 Bb4 4. Bd2 O-O 5. Nf3 Re8 6. e4 Bf8 7. Be2 d6 8. O-O
Nc6 9. Re1 Bg4 10. h3 Bxf3 11. Bxf3 Nd4 12. Bg5 c6 13. a3 a5 14. Bg4 Be7 15.
Bxf6 Bxf6 16. Ne2 Qb6 17. Nxd4 Qxd4 18. Qc2 g6 19. Rac1 h5 20. Bd1 Bg5 21. Rb1
Bf4 22. Qe2 Re6 23. b3 Kg7 24. Rf1 Rg8 25. b4 axb4 26. axb4 Kf8 27. b5 c5 28.
Bb3 Rf6 29. Ra1 Kg7 30. Ra7 Bg3 31. Ra2 Rh8 32. Qb2 Qxb2 33. Rxb2 Bf4 34. Ra1
h4 35. b6 g5 36. Bd1 Rg6 37. Bg4 Kh6 38. Ra7 Rb8 39. Rba2 Rgg8 40. Bd7 f6 41.
Be6 Rg7 42. Bd5 g4 43. Ra8 Rxa8 44. Rxa8 gxh3 45. Rh8+ Kg6 46. gxh3 Bh6 47. Kf1
Bg5 48. Rc8 Bd2 49. Ra8 Kh7 50. Ra7 Kg6 51. Bxb7 Ba5 52. Rxa5 Rxb7 53. Ra6 Kg5
54. Ke2 Kf4 55. f3 Kg3 56. Ke3 Kxh3 57. f4 Kg2 58. fxe5 fxe5 59. Ra2+ Kg3 60.
Rb2 h3 61. Rb1 Kg2 62. Rb2+ Kg3 63. Rb1 h2 64. Rf1 Rxb6 65. Rf3+ Kg2 66. Rf2+
Kg1 67. Rf7 Rb2 68. Rg7+ Rg2 69. Rxg2+ Kxg2 0-1

[Event "Winnipeg TNT 2019.02"]
[Site "Winnipeg CAN"]
[Date "2019.02.26"]
[Round "4.8"]
[White "Leaden, Bruce"]
[Black "Piche, Zachary"]
[Result "0-1"]
[WhiteElo "1492"]
[BlackElo "1479"]
[PlyCount "112"]
[EventDate "2019.02.05"]
[EventType "swiss"]
[EventRounds "4"]
[EventCountry "CAN"]

1. f4 d5 2. Nf3 Nf6 3. g3 c5 4. Bg2 Nc6 5. O-O e6 6. d3 Bd6 7. Nc3 O-O 8. e4
dxe4 9. dxe4 e5 10. Nb5 Bb8 11. Qe2 a6 12. Nc3 Bg4 13. Be3 Nd4 14. Qf2 Bxf3 15.
Bxf3 Qb6 16. Na4 Qc6 17. b3 b5 18. Nb2 Nxf3+ 19. Qxf3 exf4 20. gxf4 Qxe4 21.
Bxc5 Rc8 22. Nd3 Ba7 23. Bxa7 Rxa7 24. Qxe4 Nxe4 25. Rac1 Rac7 26. Rfe1 Nd2 27.
Re2 Nf3+ 28. Kf2 Nd4 29. Rd2 Rxc2 30. Rdxc2 Rxc2+ 31. Rxc2 Nxc2 32. Ke2 Nd4+
33. Ke3 Nf5+ 34. Ke4 g6 35. b4 Nd6+ 36. Kd5 Nc4 37. Nc5 a5 38. a4 Nb6+ 39. Kc6
axb4 40. Kxb6 b3 41. Nxb3 bxa4 42. Nd2 a3 43. Kc5 a2 44. Nb3 Kg7 45. Kd4 Kf6
46. Kc3 Kf5 47. Kb2 Kxf4 48. Nd4 a1=Q+ 49. Kxa1 Ke4 50. Ne2 f5 51. Kb2 f4 52.
Kc3 Ke3 53. Ng1 f3 54. Nh3 f2 55. Nxf2 Kxf2 56. Kd3 Kf3 0-1

[Event "Winnipeg TNT 2019.02"]
[Site "Winnipeg CAN"]
[Date "2019.02.26"]
[Round "4.10"]
[White "Gregoryanz, Philipp"]
[Black "Ford, Stephen"]
[Result "0-1"]
[WhiteElo "1577"]
[BlackElo "1543"]
[PlyCount "56"]
[EventDate "2019.02.05"]
[EventType "swiss"]
[EventRounds "4"]
[EventCountry "CAN"]

1. e4 c6 2. d4 d5 3. Nc3 dxe4 4. Nxe4 Bf5 5. Nc3 e6 6. Nf3 Nd7 7. Bf4 Bb4 8.
Bd3 Bxd3 9. Qxd3 Ngf6 10. O-O-O Ba5 11. h4 O-O 12. Bg5 h6 13. Rde1 Qc7 14. Ne5
Bxc3 15. Qxc3 Nd5 16. Qd2 f6 17. Nxd7 Qxd7 18. Bxh6 gxh6 19. Qxh6 Rf7 20. Rh3
Rh7 21. Rg3+ Kh8 22. Qg6 Rg7 23. Qh5+ Kg8 24. c4 Rxg3 25. fxg3 Nb4 26. Qg4+ Kf8
27. Rxe6 Qg7 28. Qf4 Nd3+ 0-1

[Event "Winnipeg TNT 2019.03"]
[Site "Winnipeg CAN"]
[Date "2019.03.05"]
[Round "1.1"]
[White "Crawford, Gary"]
[Black "Abioye, Yemi"]
[Result "0-1"]
[WhiteElo "1561"]
[BlackElo "2065"]
[PlyCount "52"]
[EventDate "2019.03.05"]
[EventType "swiss"]
[EventRounds "4"]
[EventCountry "CAN"]

1. e4 e6 2. Nf3 d5 3. e5 c5 4. Be2 Nc6 5. c3 c4 6. b3 b5 7. Ba3 Bxa3 8. Nxa3 a6
9. Nc2 Qc7 10. O-O Nxe5 11. Nxe5 Qxe5 12. f4 Qd6 13. Bg4 Nf6 14. f5 O-O 15. Bh3
e5 16. Qf3 Ne4 17. Rad1 Bb7 18. d4 cxd3 19. Qxd3 Qc5+ 20. Qe3 Qxe3+ 21. Nxe3
Nxc3 22. Rd2 d4 23. Nd1 b4 24. Bg4 f6 25. Be2 Rac8 26. Bc4+ Kh8 0-1

[Event "Winnipeg TNT 2019.03"]
[Site "Winnipeg CAN"]
[Date "2019.03.05"]
[Round "1.2"]
[White "Proulx, Roy"]
[Black "Furda, Ievgeniia-Diana"]
[Result "0-1"]
[WhiteElo "1894"]
[BlackElo "1539"]
[PlyCount "62"]
[EventDate "2019.03.05"]
[EventType "swiss"]
[EventRounds "4"]
[EventCountry "CAN"]

1. e4 e5 2. Nf3 Nc6 3. Bc4 Nf6 4. Ng5 d5 5. exd5 Na5 6. Bb5+ c6 7. dxc6 bxc6 8.
Be2 h6 9. Nf3 e4 10. Ne5 Qc7 11. d4 exd3 12. Nxd3 c5 13. Nc3 a6 14. O-O Be7 15.
Bf3 Bb7 16. Bf4 Bxf3 17. Qxf3 Qc6 18. Qe2 Ra7 19. Ne5 Qe6 20. Rfe1 O-O 21. Qf3
Qb6 22. Rab1 Bd6 23. Bxh6 Bxe5 24. Rxe5 gxh6 25. Rf5 Nh7 26. Nd5 Qe6 27. g4 Nc6
28. Nf6+ Nxf6 29. Rxf6 Nd4 30. Qe3 Qxf6 31. c3 Re7 0-1